Religión y poder Marsilio de Padua: ¿la primera teoría del estado?

Gespeichert in:
Bibliographische Detailangaben
1. Verfasser: Bayona Aznar, Bernardo (VerfasserIn)
Format: Buch
Sprache:Spanisch
Veröffentlicht: Madrid Biblioteca Nueva 2007
Schriftenreihe:Ensayo
Schlagworte:
Tags: Tag hinzufügen
Keine Tags, Fügen Sie den ersten Tag hinzu!

MARC

LEADER 00000nam a2200000 a 4500
001 UCH1442
003 CL-VaPUC
008 090427e20070000SP |||||||||||||||||spa|d
020 |a 9788497426411 
082 0 4 |a 320.01  |b BAY  |2 21 
100 0 |a Bayona Aznar, Bernardo  |e author  |9 535928 
245 1 0 |a Religión y poder Marsilio de Padua: ¿la primera teoría del estado? 
300 |a 379 p 
942 |c BK 
945 |d 20090427 00:00:00  |a rbrito 
260 |a Madrid  |b Biblioteca Nueva  |c 2007 
600 0 |a Marsilio de Padua,  |d 1275-1342  |9 258246 
650 7 |a TEORIA DE LA POLITICA  |2 CL-VaPUC  |9 523164 
650 7 |a PODER CIVIL  |2 CL-VaPUC  |9 535929 
650 7 |a GOBIERNO Y IGLESIA  |2 CL-VaPUC  |9 535930 
650 0 |a Estado  |9 255503 
583 |a last modification  |c 20090427 00:00:00  |k Rodrigo Vera 
490 0 |a Ensayo 
999 |c 333480  |d 333478 
952 |0 0  |1 0  |4 0  |6 320_010000000000000_BAY_2007  |7 0  |8 A  |9 421915  |a BIBHIS  |b BIBHIS  |d 2019-11-22  |i 4539176  |o 320.01 BAY 2007  |p 4539176  |r 2025-01-20  |w 2019-11-22  |y BK  |k HIS